STN ISO 690-2 (01 0197) informácie a dokumentácia

Guardado en:
Detalles Bibliográficos
Autor Corporativo: Centrum vedecko-technických informácií SR
Otros Autores: Mandysová, Marta
Formato: Libro
Lenguaje:eslovaco
checo
Publicado: Bratislava Slovenský ústav technickej normalizácie 2001
Materias:
Etiquetas: Agregar Etiqueta
Sin Etiquetas, Sea el primero en etiquetar este registro!

MARC

LEADER 00000nam a2200000 4500
001 c132726
005 20240104103100.2
041 0 |a slo 
041 0 |a cze 
044 |a SK 
245 1 0 |a STN ISO 690-2 (01 0197)  |b informácie a dokumentácia  |c Spracovateľ Marta Mandysová 
264 1 |a Bratislava  |b Slovenský ústav technickej normalizácie  |c 2001 
300 |a 22 s. 
500 |a Norma obsahuje ISO 690-2: 1997 v českom jazyku so súhlasom ČSNI 
610 2 0 |a normy ISO 
610 2 0 |a ISO 690-2 
610 2 0 |a STN 01 0197 
610 2 0 |a terminológia 
610 2 0 |a dokumentácia 
610 2 0 |a bibliografia 
610 2 0 |a citácie bibliografické 
610 2 0 |a dokumenty elektronické 
700 1 |a Mandysová, Marta 
710 2 |a Centrum vedecko-technických informácií SR